000 00359nam a2200121Ia 4500
008 250110s9999 xx 000 0 und d
041 _aeng
100 _aMedankar Netra
245 _aGurukul Learning With A Difference Vrindavan Uttarpradesh
260 _bFinal Year B. Arch, BNCA
_c2014
300 _a67p
700 _aGuide Name:Sahastrabuddhe Chetan
_9210252
999 _c363444
_d363444